La macroregión Sur Andina: inclusión, reflexiones a partir del desafío de la interculturalidad /
En el artículo se presenta la interculturalidad como un desafío, un reto que cuestiona todo trabajo institucional y en particular para aquellos que se insertan en el sur andino, representa una opción pedagógica dialogante y respetuosa de las diferencias culturales, una apuesta ética por un mundo con...
Salvato in:
| Autore principale: | |
|---|---|
| Natura: | testo |
| Soggetti: | |
| Tags: |
Aggiungi Tag
Nessun Tag, puoi essere il primo ad aggiungerne!!
|
MARC
| LEADER | 00000 a a2200000 04500 | ||
|---|---|---|---|
| 001 | 18217 | ||
| 003 | |||
| 040 | |||
| 100 | |a Vega-Centeno Bocángel, Imelda | ||
| 245 | |a La macroregión Sur Andina: |b inclusión, reflexiones a partir del desafío de la interculturalidad / |c Imelda Vega-Centeno Bocángel | ||
| 520 | |a En el artículo se presenta la interculturalidad como un desafío, un reto que cuestiona todo trabajo institucional y en particular para aquellos que se insertan en el sur andino, representa una opción pedagógica dialogante y respetuosa de las diferencias culturales, una apuesta ética por un mundo construido sobre la base del respeto a la dignidad del otro, donde las relaciones sociales sean realmente solidarias y comprometan a todos en una construcción social en donde contribuyendo con la humanidad a partir de la sabiduría ancestral que desde siglos atrás atesoraron estos pueblos, se valore su aporte para la construcción de una humanidad más plena y solidaria | ||
| 650 | |a CULTURA | ||
| 650 | |a HISTORIA | ||
| 650 | |a CAMPESINADO | ||
| 650 | |a INCLUSION SOCIAL | ||
| 650 | |a POBREZA | ||
| 650 | |a DESARROLLO HUMANO | ||
| 650 | |a PERU | ||
| 773 | |g número 104; páginas 81-106 | ||
| 999 | |c 32951 |d 32951 | ||
